Most alcoholic countries in the world - Statistics

General Stats
  • This quiz has been taken 40 times
  • The average score is 3 of 5
Answer Stats
Answer % Correct
Russia
97%
Latvia
53%
Lithuania
53%
Hungary
36%
South Korea
11%
No matching quizzes found
Score Distribution
Percent of People with Each Score
Percentile by Number Answered
Your Score History
You have not taken this quiz